Arquitectura futurista (Record no. 5658)

MARC details
000 -LEADER
fixed length control field 00644nam a22002057a 4500
005 - DATE AND TIME OF LATEST TRANSACTION
control field 20150124120844.0
008 - FIXED-LENGTH DATA ELEMENTS--GENERAL INFORMATION
fixed length control field 130814t sp||||| |||| 00| 0 spa d
020 ## - INTERNATIONAL STANDARD BOOK NUMBER
International Standard Book Number 9788498012248
050 04 - LIBRARY OF CONGRESS CALL NUMBER
Classification number NA682.P67
Item number C38 2007
100 1# - MAIN ENTRY--PERSONAL NAME
Personal name Cattermole, Paul
245 10 - TITLE STATEMENT
Title Arquitectura futurista
Statement of responsibility, etc / Paul Cattermole ; traducción Ana Delgado Nares
250 ## - EDITION STATEMENT
Edition statement 1a ed.
260 ## - PUBLICATION, DISTRIBUTION, ETC. (IMPRINT)
Place of publication, distribution, etc Barcelona, España :
Name of publisher, distributor, etc Blume,
Date of publication, distribution, etc 2007
300 ## - PHYSICAL DESCRIPTION
Extent 192 p. :
Other physical details il. ;
Dimensions 28 cm.
500 ## - GENERAL NOTE
General note Traducción de : Buildings for tomorrow
504 ## - BIBLIOGRAPHY, ETC. NOTE
Bibliography, etc Incluye bibliografía
650 #7 - SUBJECT ADDED ENTRY--TOPICAL TERM
Source of heading or term Lemb
Topical term or geographic name as entry element Arquitectura postmoderna
700 1# - ADDED ENTRY--PERSONAL NAME
Personal name Delgado Nares, Ana
Relator term tr.
942 ## - ADDED ENTRY ELEMENTS (KOHA)
Source of classification or shelving scheme Biblioteca del Cogreso de los Estados Unidos
Koha item type Libro
Holdings
Estado de pérdida Fuente de clasificación Estado del daño No para préstamo Ubicación permanente Ubicación actual Apartado o colección Fecha de adquisición Fuente de adquisición Área del conocimiento Clasificación Código de Barras Date last seen Número de copia Tipo de recurso
  Biblioteca del Cogreso de los Estados Unidos     Biblioteca de la Facultad de Arquitectura Biblioteca de la Facultad de Arquitectura General 14/08/2013     NA682.P67 C38 2007 BFA000000168 14/08/2013 1 Libro